| 000 | 00914nmc a2200301 a 4500 | ||
|---|---|---|---|
| 003 | AR-BaBNM | ||
| 005 | 20251128203035.0 | ||
| 008 | 176119s1968 ||||||||||||||000 | spa|| | ||
| 040 | _cAR-BaBNM | ||
| 100 | 1 | _aLeon, Antoine | |
| 245 | 1 | 0 | _aSicopedagogía de la orientación profesional |
| 260 |
_aBuenos Aires _bRuy Díaz _c1968 |
||
| 300 | _a154 p. | ||
| 490 | 0 | _aNouvelle Encyclopédie Pédagogique | |
| 500 | _aContiene referencias bibliográficas al final de cada capítulo | ||
| 650 | 4 | _aORIENTACION PROFESIONAL | |
| 650 | 4 | _aPERSONAL DE ORIENTACION | |
| 650 | 4 | _aPSICOLOGOS | |
| 650 | 4 | _aTRABAJADORES SOCIALES | |
| 650 | 4 | _aSERVICIOS DE ORIENTACION | |
| 650 | 4 | _aTEORIAS DE LA ORIENTACION | |
| 650 | 4 | _aPSICOSOCIOLOGIA DE LA EDUCACION | |
| 653 | _aORIENTACION VOCACIONAL | ||
| 700 | 1 |
_aWallon, Henri _eprologuista |
|
| 800 | 1 |
_aJoulia, Pierre _edirector |
|
| 942 | _cBK | ||
| 998 | _csilvi | ||
| 999 |
_c1623 _d1623 |
||